| 000 | 01485naa a22003857a 4500 | ||
|---|---|---|---|
| 001 | BR8001823 | ||
| 003 | BR-BrBNA | ||
| 005 | 20240918174540.0 | ||
| 007 | ta | ||
| 008 | 230509b bl.||||| |||| 00| 0 por d | ||
| 040 |
_aBR-BrBNA _bpor _cBiblioteca Nacional de Agricultura |
||
| 041 | _a(Pt) | ||
| 072 |
_aL00; L30 _b9610 _bGG60 |
||
| 090 | _aL00 BR8001823 | ||
| 100 | 1 | _aCosta, M.S. | |
| 100 | 1 | _aHunton, P. | |
| 111 | 1 |
_a6. Congresso Latinoamericano de Avicultura _cLima (Peru) _d10 Oct 1979 |
|
| 245 | 1 | _aAlimentacao e manejo para melhorar o rendimento das poedeiras em regioes tropicais. Pt. 2: Metodos para diminuir os efeitos prejudiciais das condicoes ambientais tropicais [Ovo] | |
| 246 | 1 | _a[Feeding treatment to improve the yield of laying hens in tropical regions. Pt. 2: Methods to diminish the bad effects of tropical enviromental coditions [Egg]] | |
| 246 | 1 | _a[Poultry breeding in tropical regions] | |
| 260 | 3 |
_aCampinas, SP (Brasil): _c1980. |
|
| 500 | _aAvicultura nas regioes tropicais Campinas, SP (Brasil): 1980. p. 19-35 (BR8001823-AM)L00 | ||
| 650 | _aProducao animal | ||
| 650 | _aNutricao animal | ||
| 650 | _aOvo | ||
| 650 | _aMelhoramento animal | ||
| 650 | _aGranja | ||
| 650 | _aGalpao | ||
| 650 | _aEnergia | ||
| 650 | _aAeracao | ||
| 650 | _aZona tropical | ||
| 773 | 0 |
_tAvicultura nas regioes tropicais _wL00 BR8001823 _gCampinas, SP (Brasil), 1980. p. 19-35 |
|
| 909 |
_a202404 _bLucia _c55 _dLucia Elande |
||
| 942 |
_cAM _2AGRIS |
||
| 999 |
_c311927 _d311927 |
||